| 000 | 00612cam a22001691 4500 | ||
|---|---|---|---|
| 082 |
_a621.4022 _bLYK _cL-12, P-27 |
||
| 100 | 1 |
_aLykov, A. V. _941772 |
|
| 245 | 1 | 0 |
_aTheory of energy and mass transfer _c[by] Alekseĭ Vasilievich Lykov [and] Yuriy Anan'yevich Mikhaylov. Translated by William Begell. |
| 260 |
_aEnglewood Cliffs, N.J., _bPrentice-Hall, _c1961. |
||
| 300 |
_a324 p. _billus. _c24 cm. |
||
| 526 |
_a0 _b0 _c0 _d621_402200000000000_LYK |
||
| 650 | 0 |
_aHeat _xTransmission. _91537 |
|
| 650 | 0 |
_aMass transfer. _911005 |
|
| 650 | 0 |
_aMCE _9379 |
|
| 700 | 1 |
_aMikhaĭlov, I︠U︡. A. _941773 |
|
| 942 |
_2ddc _cBK |
||
| 999 |
_c545816 _d545816 |
||